000
00193nam a22000857a 4500
082
_a
658.5 WOR'K
245
_a
WORK METHODS AND STANDARDS WORK MEASUREMENT
260
_a
USA
_b
US ARMY
942
_c
BK
999
_c
568642
_d
568642